000 00599nam a2200241Ia 4500
003 OSt
005 20221005122355.0
006 a|||||r|||| 00| 0
007 ta
008 221004b |||||||| |||| 00| 0 mal d
024 _a59014
037 _cTextual
040 _aCRL
_cCRL
_bmal
041 _2mal
_amal
082 _aV2:25xMQ9w, 32K3;K6
100 _aMenon Kesava Au.
245 0 _aJawaharlal nehru
260 _c1966
300 _a514p.
_ccm.
650 _aHISTORY
942 _hV2:25xMQ9w, 32K3;K6
_cTEXL
_2cc
999 _c1044078
_d1044078